00709cac a2200169 4500008004100000020001500041035001200056100002800068245010600096260004000202300002800242440003700270500016300307650001400470650002500484700003000509061018t19911991sp 000 0 spa u a8430919864 aa4569571 aGottlieb Fichte, Johann13aEl estado comercial cerrado /cJohann Gotlieb Fichte ; est prel., tr. y notas de Jaime Franco Barrio. aMadrid, España :bTecnos, cc1991 aXXXII, 163 p. ;c18 cm. 0aClásicos del pensamiento ;v82 aTraducción de : Der geschlossens handelsstaat. Ein philosophischer entwurf als anhang zur rechtslehre and probe einer künftig zu liefernden politik (1800) 4aEl estado 4aPolítica comercial1 aFranco Barrio, Jaime, tr.